| 000 | 00406nam a2200169Ia 4500 | ||
|---|---|---|---|
| 003 | LK-CoDNM | ||
| 005 | 20240730150748.0 | ||
| 008 | 010623t1954 xxu||||| |||| 00| 1 eng d | ||
| 040 |
_aLK-CoDNM _dLK-CoDNM _eLK-CoDNM |
||
| 041 | _aeng | ||
| 080 |
_a8 _bJJ39 |
||
| 100 | _aGurney,O.R. | ||
| 245 | _aThe Hittites | ||
| 260 |
_bPenguin Books _c1954 |
||
| 300 | _bxv, 240p. :ill, map ; 18 cm | ||
| 942 | _cBK | ||
| 999 |
_c103447 _d103447 |
||